000 00771nam a2200217Ii 4500
003 JO-AjNU
008 230605s9999||||xx |||||||||||||| ||und||
017 _a2007/9/2783
040 _aJO-AjNU
_bara
_erda
_cJO-AjNU
041 _aara
050 1 4 _aPJ7842.A63.Z77 2007
100 3 _aجمع وتحرير ومشاركة مراشدة، عبد الرحيم ,
_eauthor
_957547
245 0 0 _aمنازل النص: خالد الكركي ناقدا وأدبيا
250 _aط1
264 3 1 _aعمان: المولف، 2007
300 _a262ص
336 _atext
_btxt
_2rdacontent
337 _aunmediated
_bn
_2rdamedia
338 _avolume
_bnc
_2rdacarrier
650 4 _aالادباء العرب-التراجم-النقد الادبي-التحليل الادبي
_957548
999 _aA25796
_c29364
_d29364